[Event "DVM U10 2023"]
[Site "Magdeburg GER"]
[Date "2023.12.27"]
[Round "1"]
[White "Nikolic, Luka"]
[Black "Schäfer, Amadeus"]
[Result "1/2-1/2"]
[Termination "normal"]
[Board "8.2"]
[WhiteElo "950"]
[BlackElo "1432"]
[WhiteClock "00:05:48"]
[BlackClock "00:00:36"]
[WhiteTeam "Elmshorner SC 1896"]
[BlackTeam "Schachzentrum Bemerode"]
[PlyCount "165"]
[WhiteFideId "34655123"]
[BlackFideId "34660585"]
[EventCountry "GER"]
[EventRounds "7"]
[EventType "team-swiss"]
[EventDate "2023.12.27"]

1. d4 {[%clk 00:55:07]} {[%emt 00:00:02]} Nf6 {[%clk 00:54:59]} {[%emt
00:00:12]} 2. c4 {[%clk 00:55:07]} {[%emt 00:00:06]} e6 {[%clk 00:54:58]}
{[%emt 00:00:06]} 3. Nf3 {[%clk 00:54:51]} {[%emt 00:00:20]} d5 {[%clk
00:54:34]} {[%emt 00:00:29]} 4. Bf4 {[%clk 00:54:30]} {[%emt 00:00:26]} Bd6
{[%clk 00:54:07]} {[%emt 00:00:31]} 5. Ne5 {[%clk 00:54:19]} {[%emt 00:00:17]}
b6 {[%clk 00:52:20]} {[%emt 00:01:51]} 6. e3 {[%clk 00:52:25]} {[%emt
00:02:00]} Bb7 {[%clk 00:51:27]} {[%emt 00:00:58]} 7. Nc3 {[%clk 00:51:28]}
{[%emt 00:01:02]} Nbd7 {[%clk 00:49:32]} {[%emt 00:02:00]} 8. Nxd7 {[%clk
00:50:49]} {[%emt 00:00:45]} Qxd7 {[%clk 00:49:04]} {[%emt 00:00:29]} 9. Bxd6
{[%clk 00:50:34]} {[%emt 00:00:23]} Qxd6 {[%clk 00:48:17]} {[%emt 00:00:51]}
10. cxd5 {[%clk 00:49:08]} {[%emt 00:01:32]} Nxd5 {[%clk 00:46:58]} {[%emt
00:01:24]} 11. Nxd5 {[%clk 00:46:36]} {[%emt 00:02:36]} Bxd5 {[%clk 00:45:56]}
{[%emt 00:01:06]} 12. a3 {[%clk 00:46:09]} {[%emt 00:00:34]} O-O {[%clk
00:45:25]} {[%emt 00:00:34]} 13. Bd3 {[%clk 00:45:55]} {[%emt 00:00:21]} Bxg2
{[%clk 00:43:48]} {[%emt 00:01:43]} 14. Rg1 {[%clk 00:44:57]} {[%emt 00:01:02]}
Qxh2 {[%clk 00:42:17]} {[%emt 00:01:36]} 15. Kd2 {[%clk 00:44:14]} {[%emt
00:00:48]} Qh3 {[%clk 00:40:40]} {[%emt 00:01:41]} 16. Qc2 {[%clk 00:43:03]}
{[%emt 00:01:18]} g6 {[%clk 00:32:51]} {[%emt 00:07:53]} 17. Qxc7 {[%clk
00:39:16]} {[%emt 00:03:52]} Rfc8 {[%clk 00:30:02]} {[%emt 00:02:52]} 18. Qg3
{[%clk 00:39:19]} {[%emt 00:00:04]} Qxg3 {[%clk 00:29:40]} {[%emt 00:00:27]}
19. fxg3 {[%clk 00:39:08]} {[%emt 00:00:16]} Bd5 {[%clk 00:28:34]} {[%emt
00:01:09]} 20. e4 {[%clk 00:30:00]} {[%emt 00:09:15]} Bc4 {[%clk 00:28:12]}
{[%emt 00:00:26]} 21. Bc2 {[%clk 00:27:58]} {[%emt 00:02:08]} Rc7 {[%clk
00:24:33]} {[%emt 00:03:43]} 22. b3 {[%clk 00:25:47]} {[%emt 00:02:17]} Ba6
{[%clk 00:24:07]} {[%emt 00:00:31]} 23. Rac1 {[%clk 00:25:37]} {[%emt
00:00:16]} Rd8 {[%clk 00:22:08]} {[%emt 00:02:01]} 24. Ke3 {[%clk 00:21:20]}
{[%emt 00:04:24]} Kg7 {[%clk 00:19:34]} {[%emt 00:02:39]} 25. Bd3 {[%clk
00:19:59]} {[%emt 00:01:27]} Rxc1 {[%clk 00:19:11]} {[%emt 00:00:26]} 26. Rxc1
{[%clk 00:19:14]} {[%emt 00:00:51]} Bxd3 {[%clk 00:18:22]} {[%emt 00:00:54]}
27. Kxd3 {[%clk 00:18:51]} {[%emt 00:00:29]} Rd7 {[%clk 00:17:44]} {[%emt
00:00:42]} 28. Rb1 {[%clk 00:15:26]} {[%emt 00:03:30]} h5 {[%clk 00:16:17]}
{[%emt 00:01:31]} 29. a4 {[%clk 00:13:40]} {[%emt 00:01:52]} Kf6 {[%clk
00:15:57]} {[%emt 00:00:24]} 30. b4 {[%clk 00:12:05]} {[%emt 00:01:41]} Kg5
{[%clk 00:15:08]} {[%emt 00:00:53]} 31. a5 {[%clk 00:11:15]} {[%emt 00:00:56]}
bxa5 {[%clk 00:14:32]} {[%emt 00:00:41]} 32. bxa5 {[%clk 00:10:57]} {[%emt
00:00:23]} Kg4 {[%clk 00:14:13]} {[%emt 00:00:22]} 33. a6 {[%clk 00:11:00]}
{[%emt 00:00:04]} Rd6 {[%clk 00:12:50]} {[%emt 00:01:28]} 34. Kc4 {[%clk
00:10:36]} {[%emt 00:00:30]} Rxa6 {[%clk 00:11:55]} {[%emt 00:00:59]} 35. Rb7
{[%clk 00:10:10]} {[%emt 00:00:32]} f5 {[%clk 00:10:56]} {[%emt 00:01:02]} 36.
exf5 {[%clk 00:10:05]} {[%emt 00:00:12]} Kxf5 {[%clk 00:09:20]} {[%emt
00:01:40]} 37. Rg7 {[%clk 00:09:51]} {[%emt 00:00:18]} Ra3 {[%clk 00:08:31]}
{[%emt 00:00:54]} 38. d5 {[%clk 00:09:23]} {[%emt 00:00:35]} exd5+ {[%clk
00:08:25]} {[%emt 00:00:11]} 39. Kxd5 {[%clk 00:09:23]} {[%emt 00:00:05]} Rxg3
{[%clk 00:07:59]} {[%emt 00:00:30]} 40. Rxa7 {[%clk 00:09:20]} {[%emt
00:00:09]} Kg4 {[%clk 00:07:41]} {[%emt 00:00:22]} 41. Rg7 {[%clk 00:09:02]}
{[%emt 00:00:24]} Kh3 {[%clk 00:07:17]} {[%emt 00:00:27]} 42. Ke5 {[%clk
00:08:58]} {[%emt 00:00:10]} g5 {[%clk 00:06:54]} {[%emt 00:00:28]} 43. Kf5
{[%clk 00:08:46]} {[%emt 00:00:17]} h4 {[%clk 00:05:44]} {[%emt 00:01:15]} 44.
Rd7 {[%clk 00:08:25]} {[%emt 00:00:23]} Kh2 {[%clk 00:04:51]} {[%emt 00:01:01]}
45. Rd2+ {[%clk 00:08:20]} {[%emt 00:00:10]} Rg2 {[%clk 00:04:29]} {[%emt
00:00:26]} 46. Rd3 {[%clk 00:08:06]} {[%emt 00:00:20]} g4 {[%clk 00:03:56]}
{[%emt 00:00:38]} 47. Kg5 {[%clk 00:07:58]} {[%emt 00:00:12]} h3 {[%clk
00:03:32]} {[%emt 00:00:29]} 48. Kh4 {[%clk 00:07:45]} {[%emt 00:00:19]} g3
{[%clk 00:02:06]} {[%emt 00:01:31]} 49. Kg4 {[%clk 00:07:34]} {[%emt 00:00:16]}
Rg1 {[%clk 00:01:28]} {[%emt 00:00:43]} 50. Rc3 {[%clk 00:06:59]} {[%emt
00:00:41]} Rg2 {[%clk 00:00:59]} {[%emt 00:00:33]} 51. Kh4 {[%clk 00:06:56]}
{[%emt 00:00:07]} Kg1 {[%clk 00:00:25]} {[%emt 00:00:40]} 52. Kxh3 {[%clk
00:06:22]} {[%emt 00:00:38]} Rh2+ {[%clk 00:00:15]} {[%emt 00:00:16]} 53. Kxg3
{[%clk 00:06:03]} {[%emt 00:00:25]} Rg2+ {[%clk 00:00:18]} {[%emt 00:00:02]}
54. Kf3 {[%clk 00:05:40]} {[%emt 00:00:27]} Rg8 {[%clk 00:00:11]} {[%emt
00:00:11]} 55. Rc1+ {[%clk 00:05:08]} {[%emt 00:00:38]} Kh2 {[%clk 00:00:11]}
{[%emt 00:00:04]} 56. Rc2+ {[%clk 00:05:04]} {[%emt 00:00:11]} Kh3 {[%clk
00:00:12]} {[%emt 00:00:02]} 57. Rc1 {[%clk 00:04:56]} {[%emt 00:00:15]} Rf8+
{[%clk 00:00:15]} {[%emt 00:00:02]} 58. Ke2 {[%clk 00:04:56]} {[%emt 00:00:05]}
Re8+ {[%clk 00:00:16]} {[%emt 00:00:03]} 59. Kf3 {[%clk 00:04:56]} {[%emt
00:00:05]} Rf8+ {[%clk 00:00:20]} {[%emt 00:00:02]} 60. Ke4 {[%clk 00:05:00]}
{[%emt 00:00:01]} Re8+ {[%clk 00:00:22]} {[%emt 00:00:02]} 61. Kf5 {[%clk
00:05:04]} {[%emt 00:00:01]} Rf8+ {[%clk 00:00:24]} {[%emt 00:00:04]} 62. Ke6
{[%clk 00:05:05]} {[%emt 00:00:04]} Re8+ {[%clk 00:00:25]} {[%emt 00:00:02]}
63. Kf7 {[%clk 00:05:04]} {[%emt 00:00:07]} Re2 {[%clk 00:00:28]} {[%emt
00:00:02]} 64. Rh1+ {[%clk 00:05:08]} {[%emt 00:00:02]} Kg2 {[%clk 00:00:30]}
{[%emt 00:00:02]} 65. Rh6 {[%clk 00:05:06]} {[%emt 00:00:07]} Rf2+ {[%clk
00:00:31]} {[%emt 00:00:04]} 66. Ke6 {[%clk 00:05:09]} {[%emt 00:00:02]} Kf1
{[%clk 00:00:34]} {[%emt 00:00:03]} 67. Ke5 {[%clk 00:05:11]} {[%emt 00:00:03]}
Re2+ {[%clk 00:00:37]} {[%emt 00:00:02]} 68. Kf4 {[%clk 00:05:15]} {[%emt
00:00:01]} Rf2+ {[%clk 00:00:39]} {[%emt 00:00:03]} 69. Ke3 {[%clk 00:05:19]}
{[%emt 00:00:01]} Re2+ {[%clk 00:00:41]} {[%emt 00:00:02]} 70. Kd3 {[%clk
00:05:23]} Re8 {[%clk 00:00:38]} {[%emt 00:00:07]} 71. Rf6+ {[%clk 00:05:26]}
{[%emt 00:00:03]} Kg2 {[%clk 00:00:41]} {[%emt 00:00:02]} 72. Rg6+ {[%clk
00:05:30]} {[%emt 00:00:01]} Kh3 {[%clk 00:00:42]} {[%emt 00:00:04]} 73. Rd6
{[%clk 00:05:33]} {[%emt 00:00:02]} Re1 {[%clk 00:00:38]} {[%emt 00:00:08]} 74.
Kc2 {[%clk 00:05:36]} {[%emt 00:00:04]} Re2+ {[%clk 00:00:40]} {[%emt
00:00:02]} 75. Kd1 {[%clk 00:05:40]} Re8 {[%clk 00:00:36]} {[%emt 00:00:10]}
76. Rh6+ {[%clk 00:05:39]} {[%emt 00:00:05]} Kg4 {[%clk 00:00:39]} {[%emt
00:00:02]} 77. Rh1 {[%clk 00:05:38]} {[%emt 00:00:06]} Ra8 {[%clk 00:00:33]}
{[%emt 00:00:11]} 78. Kc2 {[%clk 00:05:32]} {[%emt 00:00:12]} Rc8+ {[%clk
00:00:29]} {[%emt 00:00:07]} 79. Kd3 {[%clk 00:05:35]} {[%emt 00:00:03]} Rd8+
{[%emt 00:00:01]} 80. Kc4 Rc8+ {[%clk 00:00:37]} {[%emt 00:00:01]} 81. Kd5 Rd8+
{[%clk 00:00:40]} {[%emt 00:00:01]} 82. Kc6 {[%clk 00:05:48]} Rd2 {[%clk
00:00:36]} {[%emt 00:00:08]} 83. Rg1+ {[%emt 00:00:02]} *

[Event "DVM U10 2023"]
[Site "Magdeburg GER"]
[Date "2023.12.27"]
[Round "1"]
[White "Danisch, Bennett Laif"]
[Black "Steffen, Leon"]
[Result "1-0"]
[Termination "normal"]
[Board "8.3"]
[WhiteElo "947"]
[BlackElo "927"]
[WhiteClock "00:21:14"]
[BlackClock "00:20:14"]
[WhiteTeam "Schachzentrum Bemerode"]
[BlackTeam "Elmshorner SC 1896"]
[PlyCount "121"]
[WhiteFideId "34686118"]
[EventCountry "GER"]
[EventRounds "7"]
[EventType "team-swiss"]
[EventDate "2023.12.27"]

1. e4 {[%clk 00:55:08]} {[%emt 00:00:01]} d5 {[%clk 00:55:02]} {[%emt
00:00:08]} 2. exd5 {[%clk 00:55:07]} {[%emt 00:00:06]} Qxd5 {[%clk 00:54:59]}
{[%emt 00:00:09]} 3. Nc3 {[%clk 00:55:05]} {[%emt 00:00:06]} Qa5 {[%clk
00:54:38]} {[%emt 00:00:26]} 4. Nf3 {[%clk 00:54:47]} {[%emt 00:00:23]} e5
{[%clk 00:54:27]} {[%emt 00:00:17]} 5. Bd3 {[%clk 00:54:23]} {[%emt 00:00:29]}
Bc5 {[%clk 00:54:05]} {[%emt 00:00:27]} 6. Qe2 {[%clk 00:54:02]} {[%emt
00:00:26]} Bd6 {[%clk 00:53:27]} {[%emt 00:00:42]} 7. O-O {[%clk 00:53:42]}
{[%emt 00:00:21]} Nf6 {[%clk 00:53:23]} {[%emt 00:00:13]} 8. Re1 {[%clk
00:53:21]} {[%emt 00:00:25]} O-O {[%clk 00:53:07]} {[%emt 00:00:22]} 9. Bc4
{[%clk 00:51:20]} {[%emt 00:02:05]} Bb4 {[%clk 00:50:47]} {[%emt 00:02:26]} 10.
Qxe5 {[%clk 00:50:09]} {[%emt 00:01:16]} Qxe5 {[%clk 00:50:28]} {[%emt
00:00:24]} 11. Rxe5 {[%clk 00:49:54]} {[%emt 00:00:20]} Bd6 {[%clk 00:50:08]}
{[%emt 00:00:25]} 12. Re1 {[%clk 00:49:37]} {[%emt 00:00:22]} Bf5 {[%clk
00:49:49]} {[%emt 00:00:25]} 13. d3 {[%clk 00:49:28]} {[%emt 00:00:13]} Nc6
{[%clk 00:49:32]} {[%emt 00:00:22]} 14. Bg5 {[%clk 00:49:20]} {[%emt 00:00:12]}
Nd7 {[%clk 00:48:55]} {[%emt 00:00:43]} 15. h3 {[%clk 00:48:04]} {[%emt
00:01:22]} h6 {[%clk 00:48:41]} {[%emt 00:00:19]} 16. Bh4 {[%clk 00:47:29]}
{[%emt 00:00:38]} Nb4 {[%clk 00:47:58]} {[%emt 00:00:48]} 17. Bb3 {[%clk
00:46:49]} {[%emt 00:00:46]} Nc5 {[%clk 00:47:24]} {[%emt 00:00:39]} 18. Re2
{[%clk 00:46:11]} {[%emt 00:00:42]} Rfe8 {[%clk 00:46:41]} {[%emt 00:00:49]}
19. Rae1 {[%clk 00:45:47]} {[%emt 00:00:28]} Rxe2 {[%clk 00:46:01]} {[%emt
00:00:46]} 20. Rxe2 {[%clk 00:45:44]} {[%emt 00:00:08]} Nxb3 {[%clk 00:44:46]}
{[%emt 00:01:20]} 21. axb3 {[%clk 00:45:13]} {[%emt 00:00:37]} c6 {[%clk
00:42:46]} {[%emt 00:02:05]} 22. Nd4 {[%clk 00:44:13]} {[%emt 00:01:04]} Bg6
{[%clk 00:42:13]} {[%emt 00:00:39]} 23. Ne4 {[%clk 00:42:46]} {[%emt 00:01:32]}
Be5 {[%clk 00:41:13]} {[%emt 00:01:05]} 24. c3 {[%clk 00:42:36]} {[%emt
00:00:14]} Nxd3 {[%clk 00:40:42]} {[%emt 00:00:36]} 25. Ng3 {[%clk 00:40:49]}
{[%emt 00:01:52]} Bd6 {[%clk 00:39:54]} {[%emt 00:00:53]} 26. Ndf5 {[%clk
00:39:33]} {[%emt 00:01:21]} Bxg3 {[%clk 00:38:21]} {[%emt 00:01:38]} 27. Nxg3
{[%clk 00:39:16]} {[%emt 00:00:21]} b5 {[%clk 00:37:55]} {[%emt 00:00:32]} 28.
c4 {[%clk 00:37:34]} {[%emt 00:01:47]} Nf4 {[%clk 00:37:29]} {[%emt 00:00:31]}
29. Rd2 {[%clk 00:37:03]} {[%emt 00:00:35]} bxc4 {[%clk 00:36:55]} {[%emt
00:00:41]} 30. bxc4 {[%clk 00:36:41]} {[%emt 00:00:25]} Re8 {[%clk 00:36:37]}
{[%emt 00:00:24]} 31. b4 {[%clk 00:35:15]} {[%emt 00:01:31]} Re1+ {[%clk
00:36:09]} {[%emt 00:00:33]} 32. Kh2 {[%clk 00:34:42]} {[%emt 00:00:38]} Nd3
{[%clk 00:35:35]} {[%emt 00:00:39]} 33. b5 {[%clk 00:34:16]} {[%emt 00:00:31]}
cxb5 {[%clk 00:35:05]} {[%emt 00:00:35]} 34. cxb5 {[%clk 00:34:05]} {[%emt
00:00:16]} Rb1 {[%clk 00:34:21]} {[%emt 00:00:48]} 35. Ra2 {[%clk 00:33:06]}
{[%emt 00:01:05]} Rxb5 {[%clk 00:32:40]} {[%emt 00:01:46]} 36. f3 {[%clk
00:32:18]} {[%emt 00:00:51]} a5 {[%clk 00:32:23]} {[%emt 00:00:25]} 37. Bd8
{[%clk 00:31:54]} {[%emt 00:00:28]} Nb4 {[%clk 00:31:58]} {[%emt 00:00:31]} 38.
Rxa5 {[%clk 00:31:40]} {[%emt 00:00:18]} Rxa5 {[%clk 00:31:36]} {[%emt
00:00:28]} 39. Bxa5 {[%clk 00:31:36]} {[%emt 00:00:08]} Nc6 {[%clk 00:31:33]}
{[%emt 00:00:08]} 40. Bc3 {[%clk 00:31:05]} {[%emt 00:00:35]} Bd3 {[%clk
00:31:03]} {[%emt 00:00:35]} 41. Nh5 {[%clk 00:30:33]} {[%emt 00:00:37]} g6
{[%clk 00:30:39]} {[%emt 00:00:30]} 42. Nf6+ {[%clk 00:30:00]} {[%emt
00:00:38]} Kf8 {[%clk 00:30:22]} {[%emt 00:00:21]} 43. g4 {[%emt 00:01:54]} Be2
{[%emt 00:01:02]} 44. f4 {[%clk 00:26:52]} {[%emt 00:00:17]} g5 {[%clk
00:29:16]} {[%emt 00:01:11]} 45. fxg5 {[%clk 00:26:07]} {[%emt 00:00:51]} hxg5
{[%clk 00:29:07]} {[%emt 00:00:14]} 46. Nh7+ {[%clk 00:26:03]} {[%emt
00:00:09]} Kg8 {[%clk 00:28:29]} {[%emt 00:00:43]} 47. Nxg5 {[%clk 00:25:53]}
{[%emt 00:00:14]} Ne7 {[%clk 00:27:41]} {[%emt 00:00:54]} 48. Kg3 {[%clk
00:25:33]} {[%emt 00:00:25]} Nd5 {[%clk 00:27:10]} {[%emt 00:00:36]} 49. Bd4
{[%clk 00:24:52]} {[%emt 00:00:46]} Bd3 {[%clk 00:26:15]} {[%emt 00:01:00]} 50.
h4 {[%clk 00:23:40]} {[%emt 00:01:16]} f6 {[%clk 00:26:04]} {[%emt 00:00:15]}
51. Ne6 {[%clk 00:23:02]} {[%emt 00:00:45]} Kf7 {[%clk 00:25:32]} {[%emt
00:00:37]} 52. Nf4 {[%clk 00:22:56]} {[%emt 00:00:11]} Nxf4 {[%clk 00:25:12]}
{[%emt 00:00:25]} 53. Kxf4 {[%clk 00:22:55]} {[%emt 00:00:04]} Kg6 {[%clk
00:24:28]} {[%emt 00:00:51]} 54. h5+ {[%clk 00:22:48]} {[%emt 00:00:11]} Kh6
{[%clk 00:24:20]} {[%emt 00:00:14]} 55. Bxf6 {[%clk 00:22:37]} {[%emt
00:00:15]} Kh7 {[%clk 00:23:00]} {[%emt 00:01:27]} 56. g5 {[%clk 00:22:05]}
{[%emt 00:00:36]} Kg8 {[%clk 00:22:15]} {[%emt 00:00:49]} 57. g6 {[%clk
00:21:46]} {[%emt 00:00:25]} Kf8 {[%clk 00:21:51]} {[%emt 00:00:29]} 58. Kg5
{[%clk 00:21:34]} {[%emt 00:00:16]} Kg8 {[%clk 00:21:20]} {[%emt 00:00:37]} 59.
h6 {[%clk 00:21:32]} {[%emt 00:00:07]} Bc2 {[%clk 00:20:44]} {[%emt 00:00:41]}
60. h7+ {[%clk 00:21:25]} {[%emt 00:00:11]} Kf8 {[%clk 00:20:14]} {[%emt
00:00:34]} 61. h8=Q# {[%clk 00:21:14]} {[%emt 00:00:17]} 1-0

[Event "DVM U10 2023"]
[Site "Magdeburg GER"]
[Date "2023.12.27"]
[Round "1"]
[White "Tatar, Anna"]
[Black "Goyush, Shams"]
[Result "0-1"]
[Termination "normal"]
[Board "8.4"]
[WhiteElo "901"]
[BlackElo "1091"]
[WhiteClock "00:33:57"]
[BlackClock "00:30:18"]
[WhiteTeam "Elmshorner SC 1896"]
[BlackTeam "Schachzentrum Bemerode"]
[PlyCount "78"]
[EventCountry "GER"]
[EventRounds "7"]
[EventType "team-swiss"]
[EventDate "2023.12.27"]

1. d4 {[%clk 00:55:08]} {[%emt 00:00:01]} d5 {[%clk 00:55:02]} {[%emt
00:00:08]} 2. Nf3 {[%clk 00:55:08]} {[%emt 00:00:05]} Nc6 {[%clk 00:54:57]}
{[%emt 00:00:11]} 3. Bf4 {[%clk 00:55:04]} {[%emt 00:00:08]} Bf5 {[%clk
00:54:52]} {[%emt 00:00:10]} 4. e3 {[%clk 00:54:58]} {[%emt 00:00:11]} a6
{[%clk 00:54:41]} {[%emt 00:00:17]} 5. Bd3 {[%clk 00:54:39]} {[%emt 00:00:23]}
Bxd3 {[%clk 00:54:16]} {[%emt 00:00:29]} 6. Qxd3 {[%clk 00:54:38]} {[%emt
00:00:07]} Nf6 {[%clk 00:54:00]} {[%emt 00:00:21]} 7. O-O {[%clk 00:53:59]}
{[%emt 00:00:44]} e6 {[%clk 00:53:48]} {[%emt 00:00:17]} 8. h3 {[%clk
00:53:40]} {[%emt 00:00:25]} Bd6 {[%clk 00:53:38]} {[%emt 00:00:15]} 9. Bxd6
{[%clk 00:53:24]} {[%emt 00:00:19]} Qxd6 {[%clk 00:53:30]} {[%emt 00:00:13]}
10. c4 {[%clk 00:53:20]} {[%emt 00:00:11]} O-O {[%clk 00:53:09]} {[%emt
00:00:25]} 11. Nc3 {[%clk 00:53:06]} {[%emt 00:00:20]} h6 {[%clk 00:52:24]}
{[%emt 00:00:49]} 12. e4 {[%clk 00:51:56]} {[%emt 00:01:15]} Nb4 {[%clk
00:51:43]} {[%emt 00:00:46]} 13. Qe2 {[%clk 00:51:36]} {[%emt 00:00:26]} Rfe8
{[%clk 00:51:06]} {[%emt 00:00:41]} 14. a3 {[%clk 00:50:44]} {[%emt 00:00:58]}
Nc6 {[%clk 00:50:56]} {[%emt 00:00:14]} 15. Qd3 {[%clk 00:50:38]} {[%emt
00:00:12]} Na5 {[%clk 00:48:34]} {[%emt 00:02:26]} 16. exd5 {[%clk 00:49:58]}
{[%emt 00:00:46]} exd5 {[%clk 00:47:51]} {[%emt 00:00:46]} 17. cxd5 {[%clk
00:49:28]} {[%emt 00:00:36]} Nxd5 {[%clk 00:46:15]} {[%emt 00:01:41]} 18. Qd2
{[%clk 00:47:09]} {[%emt 00:02:24]} Nb3 {[%clk 00:45:59]} {[%emt 00:00:21]} 19.
Ne4 {[%clk 00:45:35]} {[%emt 00:01:39]} Rxe4 {[%clk 00:44:42]} {[%emt
00:01:21]} 20. Qd3 {[%clk 00:45:25]} {[%emt 00:00:17]} Nxa1 {[%clk 00:43:32]}
{[%emt 00:01:14]} 21. Qxe4 {[%clk 00:45:09]} {[%emt 00:00:21]} Nb3 {[%clk
00:43:13]} {[%emt 00:00:23]} 22. Re1 {[%clk 00:43:50]} {[%emt 00:01:25]} Qc6
{[%clk 00:41:20]} {[%emt 00:01:57]} 23. Ne5 {[%clk 00:43:29]} {[%emt 00:00:27]}
Qe6 {[%clk 00:40:40]} {[%emt 00:00:44]} 24. Qc2 {[%clk 00:42:08]} {[%emt
00:01:27]} Nxd4 {[%clk 00:39:05]} {[%emt 00:01:39]} 25. Qe4 {[%clk 00:40:59]}
{[%emt 00:01:15]} Nc6 {[%clk 00:37:29]} {[%emt 00:01:40]} 26. Rd1 {[%clk
00:39:53]} {[%emt 00:01:12]} Rd8 {[%clk 00:37:04]} {[%emt 00:00:29]} 27. Re1
{[%clk 00:39:26]} {[%emt 00:00:33]} Re8 {[%clk 00:36:21]} {[%emt 00:00:47]} 28.
f4 {[%clk 00:38:55]} {[%emt 00:00:38]} f6 {[%clk 00:35:15]} {[%emt 00:01:10]}
29. f5 {[%clk 00:37:51]} {[%emt 00:01:09]} Qxe5 {[%clk 00:34:54]} {[%emt
00:00:25]} 30. Qh4 {[%clk 00:37:00]} {[%emt 00:00:57]} Qd4+ {[%clk 00:32:57]}
{[%emt 00:02:02]} 31. Re3 {[%clk 00:36:34]} {[%emt 00:01:36]} Qxh4 {[%clk
00:32:21]} {[%emt 00:00:28]} 32. Rxe8+ {[%clk 00:36:23]} {[%emt 00:00:17]} Kf7
{[%clk 00:32:08]} {[%emt 00:00:19]} 33. Re6 {[%clk 00:36:06]} {[%emt 00:00:22]}
Qd4+ {[%clk 00:31:39]} {[%emt 00:00:32]} 34. Kh1 {[%clk 00:35:43]} {[%emt
00:00:29]} Nf4 {[%clk 00:31:25]} {[%emt 00:00:19]} 35. Re1 {[%clk 00:35:25]}
{[%emt 00:00:23]} Qxb2 {[%clk 00:31:12]} {[%emt 00:00:18]} 36. Rg1 {[%clk
00:34:52]} {[%emt 00:00:38]} Nd4 {[%clk 00:30:39]} {[%emt 00:00:38]} 37. a4
{[%clk 00:34:23]} {[%emt 00:00:35]} Nde2 {[%clk 00:30:23]} {[%emt 00:00:19]}
38. Rf1 {[%clk 00:34:18]} {[%emt 00:00:10]} Ng3+ {[%clk 00:30:18]} {[%emt
00:00:11]} 39. Kg1 {[%clk 00:33:57]} {[%emt 00:00:26]} Qxg2# {[%emt 00:00:13]}
0-1

[Event "DVM U10 2023"]
[Site "Magdeburg GER"]
[Date "2023.12.27"]
[Round "1"]
[White "Lola, Georgia-Maria"]
[Black "Ivashchenko, Yurii"]
[Result "0-1"]
[Termination "normal"]
[Board "9.1"]
[WhiteElo "1243"]
[BlackElo "1394"]
[WhiteClock "00:00:00"]
[BlackClock "00:20:07"]
[WhiteTeam "MSA Zugzwang 82"]
[BlackTeam "SG Leipzig"]
[PlyCount "72"]
[WhiteFideId "34629335"]
[BlackFideId "34163735"]
[EventCountry "GER"]
[EventRounds "7"]
[EventType "team-swiss"]
[EventDate "2023.12.27"]

1. e4 {[%clk 00:55:07]} {[%emt 00:00:02]} e6 {[%clk 00:55:05]} {[%emt
00:00:06]} 2. d4 {[%clk 00:55:07]} {[%emt 00:00:05]} d5 {[%clk 00:55:06]}
{[%emt 00:00:04]} 3. exd5 {[%clk 00:54:17]} {[%emt 00:00:54]} exd5 {[%clk
00:55:07]} {[%emt 00:00:04]} 4. Be3 {[%clk 00:53:38]} {[%emt 00:00:45]} Bd6
{[%clk 00:54:59]} {[%emt 00:00:14]} 5. Nc3 {[%clk 00:52:12]} {[%emt 00:01:30]}
Ne7 {[%clk 00:54:18]} {[%emt 00:00:46]} 6. Bd3 {[%clk 00:50:16]} {[%emt
00:02:01]} c6 {[%clk 00:52:43]} {[%emt 00:01:41]} 7. Nf3 {[%clk 00:46:36]}
{[%emt 00:03:44]} Bf5 {[%clk 00:51:31]} {[%emt 00:01:17]} 8. O-O {[%clk
00:41:48]} {[%emt 00:04:53]} O-O {[%emt 00:03:27]} 9. Qd2 {[%clk 00:39:22]}
{[%emt 00:01:00]} Bxd3 {[%clk 00:49:09]} {[%emt 00:00:36]} 10. Qxd3 {[%emt
00:00:48]} Ng6 {[%clk 00:48:14]} {[%emt 00:00:34]} 11. Ne2 {[%clk 00:37:25]}
{[%emt 00:01:43]} Nd7 {[%clk 00:46:01]} {[%emt 00:02:20]} 12. c4 {[%clk
00:35:09]} {[%emt 00:02:20]} Nf6 {[%clk 00:43:12]} {[%emt 00:02:54]} 13. c5
{[%clk 00:31:07]} {[%emt 00:04:07]} Bc7 {[%clk 00:40:59]} {[%emt 00:02:19]} 14.
Ng3 {[%clk 00:27:55]} {[%emt 00:03:17]} Re8 {[%clk 00:35:30]} {[%emt 00:05:34]}
15. Rfe1 {[%clk 00:24:52]} {[%emt 00:03:06]} Ne4 {[%clk 00:31:25]} {[%emt
00:04:12]} 16. Nxe4 {[%clk 00:24:10]} {[%emt 00:00:46]} dxe4 {[%clk 00:30:39]}
{[%emt 00:00:51]} 17. Qe2 {[%clk 00:20:28]} {[%emt 00:03:47]} exf3 {[%clk
00:29:54]} {[%emt 00:00:51]} 18. Qxf3 {[%clk 00:19:29]} {[%emt 00:01:03]} Qd5
{[%clk 00:28:24]} {[%emt 00:01:35]} 19. Qh3 {[%clk 00:15:51]} {[%emt 00:03:39]}
Nf4 {[%clk 00:25:28]} {[%emt 00:03:04]} 20. Qg4 {[%clk 00:10:54]} {[%emt
00:04:59]} Qe6 {[%clk 00:24:45]} {[%emt 00:00:53]} 21. Qf3 {[%clk 00:09:00]}
{[%emt 00:01:46]} Qe4 {[%clk 00:23:48]} {[%emt 00:01:15]} 22. Qxe4 {[%clk
00:05:16]} {[%emt 00:03:49]} Rxe4 {[%clk 00:23:40]} {[%emt 00:00:13]} 23. Bxf4
{[%clk 00:05:11]} {[%emt 00:00:09]} Rxe1+ {[%clk 00:22:56]} {[%emt 00:00:49]}
24. Rxe1 {[%clk 00:05:05]} {[%emt 00:00:12]} Bxf4 {[%clk 00:22:56]} {[%emt
00:00:05]} 25. Re4 {[%clk 00:04:27]} {[%emt 00:00:43]} Bg5 {[%clk 00:22:20]}
{[%emt 00:00:41]} 26. f4 {[%clk 00:03:55]} {[%emt 00:00:37]} Bf6 {[%clk
00:22:11]} {[%emt 00:00:14]} 27. g4 {[%clk 00:03:37]} {[%emt 00:00:22]} g6
{[%clk 00:20:55]} {[%emt 00:01:21]} 28. g5 {[%clk 00:03:32]} {[%emt 00:00:10]}
Bg7 {[%clk 00:20:55]} {[%emt 00:00:05]} 29. h4 {[%clk 00:01:46]} {[%emt
00:01:52]} Kf8 {[%clk 00:20:54]} {[%emt 00:00:06]} 30. h5 {[%clk 00:00:37]}
{[%emt 00:01:13]} gxh5 {[%clk 00:20:52]} {[%emt 00:00:07]} 31. f5 {[%clk
00:00:39]} {[%emt 00:00:03]} f6 {[%clk 00:20:39]} {[%emt 00:00:18]} 32. g6
{[%clk 00:00:28]} {[%emt 00:00:16]} hxg6 {[%clk 00:20:39]} {[%emt 00:00:06]}
33. fxg6 {[%clk 00:00:24]} {[%emt 00:00:09]} Re8 {[%clk 00:20:41]} {[%emt
00:00:03]} 34. Rh4 {[%clk 00:00:08]} {[%emt 00:00:20]} f5 {[%clk 00:20:21]}
{[%emt 00:00:26]} 35. Rxh5 {[%clk 00:00:10]} {[%emt 00:00:03]} Bxd4+ {[%clk
00:20:14]} {[%emt 00:00:11]} 36. Kg2 {[%clk 00:00:00]} {[%emt 00:00:12]} Kg7
{[%clk 00:20:07]} {[%emt 00:00:14]} *